La Plaza en la revolución / (Record no. 1720)
[ view plain ]
| 000 -CABECERA | |
|---|---|
| campo de control de longitud fija | 00522nam a2200157 a 4500 |
| 001 - NÚMERO DE CONTROL | |
| campo de control | 000001843 |
| 005 - FECHA Y HORA DE LA ÚLTIMA TRANSACCIÓN | |
| campo de control | 20200929145727.0 |
| 008 - DATOS DE LONGITUD FIJA--INFORMACIÓN GENERAL | |
| campo de control de longitud fija | 090629s2006 cu 000 0 spa d |
| 020 ## - NÚMERO INTERNACIONAL ESTÁNDAR DEL LIBRO | |
| Número Internacional Estándar del Libro | 9592112959 |
| 040 ## - FUENTE DE LA CATALOGACIÓN | |
| Centro catalogador/agencia de origen | DO-SdBNP |
| Lengua de catalogación | spa |
| Centro/agencia transcriptor | BNPHU |
| 082 ## - NÚMERO DE LA CLASIFICACIÓN DECIMAL DEWEY | |
| Número de clasificación | R696p |
| 100 1# - ENTRADA PRINCIPAL--NOMBRE DE PERSONA | |
| Nombre de persona | Rodríguez, Juan Carlos |
| 9 (RLIN) | 6002 |
| 245 13 - MENCIÓN DE TÍTULO | |
| Título | La Plaza en la revolución / |
| Mención de responsabilidad, etc. | Selección, organización de textos y edición, Juan Carlos Rodríguez, Marilyn Rodríguez. |
| 260 ## - PUBLICACIÓN, DISTRIBUCIÓN, ETC. | |
| Lugar de publicación, distribución, etc. | La Habana, : |
| Nombre del editor, distribuidor, etc. | Capitán San Luis, |
| Fecha de publicación, distribución, etc. | 2006. |
| 300 ## - DESCRIPCIÓN FÍSICA | |
| Extensión | 363p. : |
| Otras características físicas | il. ; |
| Dimensiones | 24 cm. |
| Estado de retiro | Estado de pérdida | Restricciones de uso | No para préstamo | Código de colección | Localización permanente | Ubicación/localización actual | Ubicación en estantería | Fecha de adquisición | Número de inventario | Total de préstamos | Signatura topográfica completa | Código de barras | Fecha visto por última vez | Precio válido a partir de | Tipo de ítem Koha | Número de copia |
|---|---|---|---|---|---|---|---|---|---|---|---|---|---|---|---|---|
| Excluido de préstamo | Monografías: Libros y Folletos | General | General | En catalogación | 29.06.2009 | LF1 | R696p | 1843-10 | 25.06.2020 | 25.06.2020 | No se presta | |||||
| Préstamo restringido | Préstamo restrigido | Monografías: Libros y Folletos | General | General | Orden iniciada | 29.06.2009 | LF1 | R696p | 1843-20 | 25.06.2020 | 25.06.2020 | No se presta | e.2 |
